<?xml version="1.0" encoding="UTF-8"?>
<collection xmlns="http://www.loc.gov/MARC21/slim">
  <record>
    <leader>00000nam  2200000   4500</leader>
    <controlfield tag="001">INLIS000000000003338</controlfield>
    <controlfield tag="005">20190912075036</controlfield>
    <datafield tag="035" ind1="#" ind2="#">
      <subfield code="a">0010-0718003338</subfield>
    </datafield>
    <controlfield tag="008">190912################g##########0#ind##</controlfield>
    <datafield tag="020" ind1="#" ind2="#">
      <subfield code="a">9786027734449</subfield>
    </datafield>
    <datafield tag="041" ind1=" " ind2=" ">
      <subfield code="a">id</subfield>
    </datafield>
    <datafield tag="082" ind1="#" ind2="#">
      <subfield code="a">2975</subfield>
    </datafield>
    <datafield tag="090" ind1=" " ind2=" ">
      <subfield code="a">2975 Was m</subfield>
    </datafield>
    <datafield tag="100" ind1=" " ind2="#">
      <subfield code="a">Hamka</subfield>
    </datafield>
    <datafield tag="700" ind1=" " ind2="#">
      <subfield code="a">Asy'ari,Hasim, Syaikh, Hadratu</subfield>
    </datafield>
    <datafield tag="245" ind1="1" ind2="#">
      <subfield code="a">Mengenal dan Mewaspadai Penyimpangan Syiah di Indonesia /</subfield>
      <subfield code="c">Hamka</subfield>
    </datafield>
    <datafield tag="260" ind1="#" ind2="#">
      <subfield code="a">Jakarta :</subfield>
      <subfield code="b">All Rights Reserved,</subfield>
      <subfield code="c">2013</subfield>
    </datafield>
    <datafield tag="300" ind1="#" ind2="#">
      <subfield code="a">152 hlm., :</subfield>
      <subfield code="b">ilus ;</subfield>
      <subfield code="c">18 cm</subfield>
    </datafield>
    <datafield tag="650" ind1=" " ind2="#">
      <subfield code="a">Penyimpangan Syi'ah</subfield>
    </datafield>
    <datafield tag="084" ind1="#" ind2="#">
      <subfield code="a">2975 Was m</subfield>
    </datafield>
    <datafield tag="250" ind1="#" ind2="#">
      <subfield code="a">Cet.2</subfield>
    </datafield>
    <datafield tag="520" ind1="#" ind2="#">
      <subfield code="a">Tugas menjaga keselamatan akidah sesama Muslim secara lembaga di Indonesia memang berada di tangan MUI. Secara jelas dicantumkan bahwa salah satu wewenang Majelis Ulama Indonesia (MUI) adalah menetapkan fatwa yang terkait dengan masalah akidah yang menyangkut kebenaran dan kemurnian keimanan umat Islam Indonesia. Fatwa MUI tentang masalah akidah tersebut  dimaksudkan sebagai panduan dan bimbingan kepada umat mengenai paham yang banyak berkembang di masyarakat (Lihat Pedoman dan Prosedur Penetapan Fatwa MUI). Namun demikian, bukan berarti anggota masyaralkat Muslim berlepas tangan untuk saling menjaga akidah saudaranya. Kita semua sesama Muslim harus saling menjaga dan mengingatkan saudara seiman untuk menjaga akidah Islam dan melawan segala bentuk penyelewengan aqidah yang mengatasnamakan Islam.</subfield>
    </datafield>
    <datafield tag="856" ind1="#" ind2="#">
      <subfield code="a">Perpustakaan Lembaga Administrasi Negara</subfield>
    </datafield>
    <datafield tag="990" ind1="#" ind2="#">
      <subfield code="a">18676</subfield>
    </datafield>
    <datafield tag="990" ind1="#" ind2="#">
      <subfield code="a">18676</subfield>
    </datafield>
  </record>
</collection>
